000
002760000a22000970004500
100
1
_a
Müller, Hans-Peter
245
1
0
_a
Afrikanische parallelen zu Genesis 3 und verwandten
300
_a
Vol. 49, Num. 1 (Enero, 1999), Páginas 88-108
773
0
_t
Vetus Testamentum
942
_c
ANA
999
_c
58256
_d
58256